Quick, Quick Clicks Quiz Stats

Quiz Updated Feb 11, 2013

Also try: Threesome-onyms
Challenge
Share
Tweet
Embed
Score 0/14 Timer 00:30
2 Plays Today
% Correct
SPEEDY
97.2%
RAPID
96.9%
SWIFT
96.2%
ACCELERATED
95.7%
HURRIED
95.3%
BRISK
93.4%
EXPRESS
92.1%
% Correct
PROMPT
91.5%
HASTY
89.8%
AGILE
87.1%
EXPEDITIOUS
86.9%
FLEET
84.1%
NIMBLE
82.7%
METEORIC
74.5%

You're not logged in!

Compare scores with friends on all Sporcle quizzes.
Sign Up with Email
OR
Log In

You Might Also Like...

Show Comments

Extras

Top Quizzes Today


Score Distribution

Your Account Isn't Verified!

In order to create a playlist on Sporcle, you need to verify the email address you used during registration. Go to your Sporcle Settings to finish the process.

Report this User

Report this user for behavior that violates our Community Guidelines.

Details: